00243nam a2200073Ia 4500008004100000082000800041100001900049245010100068240331s9999 xx 000 0 und d bBUL aBulankulame, I 0aFrozen tears :bpolitical violence, women, children and problems of trauma in southern Sri Lanka